| 000 | 00476nam a2200157 a 4500 | ||
|---|---|---|---|
| 040 | _cOrPLiC | ||
| 082 | 0 | 0 | _a363 WCB 1997 C144 Or. |
| 100 | 1 | _aCunningham, William P. | |
| 245 | 1 | 0 |
_aEnvironmental science : _ba global concern / |
| 250 | _a4th ed. | ||
| 260 |
_aDubuque, IA : _bWm. C. Brown Publishers, _cc1997. |
||
| 300 |
_axxi, 634 p. : _bill. (some col.), col. maps ; _c28 cm. |
||
| 650 | 0 | _aEnvironmental sciences. | |
| 700 | 1 | _aSaigo, Barbara Woodworth. | |
| 942 | _cAEDBB | ||
| 999 |
_c18414 _d18414 |
||